Central Library OPAC University of Rajshahi

A hundred years of psychology, 1833-1933 / (Record no. 30034)

MARC details
000 -LEADER
fixed length control field 00820cam a22002771 4500
001 - CONTROL NUMBER
control field 30034
003 - CONTROL NUMBER IDENTIFIER
rucl marc code BD-RjUL
005 - DATE AND TIME OF LATEST TRANSACTION
control field 20211209051511.0
008 - FIXED-LENGTH DATA ELEMENTS--GENERAL INFORMATION
fixed length control field 140407r19641951enk 001 0 eng
035 ## - SYSTEM CONTROL NUMBER
System control number (BD-RjUL) 30119
040 ## - CATALOGING SOURCE
Original cataloging agency DLC
Transcribing agency DLC
Modifying agency BD-RjUL
Language of cataloging eng
041 ## - LANGUAGE CODE
Language code of text/sound track or separate title eng
082 00 - DEWEY DECIMAL CLASSIFICATION NUMBER
Classification number 150.9
Author mark and year FLH 1964
100 1# - MAIN ENTRY--PERSONAL NAME
Personal name Flugel, J. C.
Fuller form of name (John Carl),
Dates associated with a name 1884-1955.
9 (RLIN) 4162
245 12 - TITLE STATEMENT
Title A hundred years of psychology, 1833-1933 /
Statement of responsibility, etc. revised by Donald, J. West
Number of part/section of a work Part V :1933-1963
250 ## - EDITION STATEMENT
Edition statement 3d ed.
260 ## - PUBLICATION, DISTRIBUTION, ETC. (IMPRINT)
Place of publication, distribution, etc. London :
Name of publisher, distributor, etc. Duckworth,
Date of publication, distribution, etc. 1951 [Reprinted 1959].
300 ## - PHYSICAL DESCRIPTION
Pagination 394 p. ;
Size 23 cm.
504 ## - BIBLIOGRAPHY, ETC. NOTE
Bibliography, etc Includes index.
650 #0 - SUBJECT ADDED ENTRY--TOPICAL TERM
Topical term or geographic name as entry element Psychology
General subdivision History.
9 (RLIN) 5500
700 ## - ADDED ENTRY--PERSONAL NAME
Personal name Donald, J. West
942 ## - ADDED ENTRY ELEMENTS (KOHA)
Source of classification or shelving scheme Dewey Decimal Classification
Koha item type Books
Holdings
Lost status Source of classification or shelving scheme Damaged status Not for loan Collection code Permanent Location Current Location Shelving location Date acquired Source of acquisition Cost, normal purchase price Total Checkouts Full call number Date last seen Copy number Koha item type
  Dewey Decimal Classification     Non-fiction Central Library, University of Rajshahi Central Library, University of Rajshahi   06/02/1973 Britain Gift 0.00   150.9 FLH 1964 08/04/2014 C-10 Books
  Dewey Decimal Classification     Non-fiction Central Library, University of Rajshahi Central Library, University of Rajshahi   06/02/1973 Britain Gift 0.00   150.9 FLH 1964 12/04/2014 C-9 Books